Arctic National Wildlife Refuge : Bibliography-in-Brief.

Presents an annotated bibliography on proposed oil and gas development in the Arctic National Wildlife Refuge, and on the environmental impact of the oil industry in Alaska.

Bibliographic Details
Corporate Authors: Library of Congress. Congressional Research Service, ProQuest (Firm)
Format: eBook
Language:English
Published: [Place of publication not identified] : [publisher not identified], 1988.
Series:U.S. Congressional Research.
Subjects:
Online Access:Connect to the full text of this electronic book

MARC

Tag First Indicator Second Indicator Subfields
LEADER 00000cam a22000001a 4500
001 in00003376868
006 m d f
007 cr bn mmmapmmp
008 100621s1988 dcu o f000 0 eng d
005 20260429201705.2
035 |a cis2007882711 
040 |a ProQuest  |c ProQuest  |d UtOrBLW 
043 |a n-us--- 
099 |a CRS-1988-LSV-0053 
110 2 |a Library of Congress.  |b Congressional Research Service. 
245 1 0 |a Arctic National Wildlife Refuge :  |b Bibliography-in-Brief. 
264 1 |a [Place of publication not identified] :  |b [publisher not identified],  |c 1988. 
300 |a 1 online resource. 
336 |a text  |b txt  |2 rdacontent 
337 |a computer  |b c  |2 rdamedia 
338 |a online resource  |b cr  |2 rdacarrier 
500 |a Record is based on bibliographic data in ProQuest U.S. Congressional Research Digital Collection (last viewed June 2010). Reuse except for individual research requires license from ProQuest, LLC. 
500 |a CRS Report. 
520 |a Presents an annotated bibliography on proposed oil and gas development in the Arctic National Wildlife Refuge, and on the environmental impact of the oil industry in Alaska. 
500 |a Electronic resource. 
650 0 |a Pollution. 
650 0 |a Petroleum industry and trade. 
651 0 |a Alaska. 
655 7 |a Electronic books.  |2 local 
710 2 |a ProQuest (Firm) 
776 0 8 |i Microfiche version:   |a Library of Congress. Congressional Research Service.  |t Arctic National Wildlife Refuge 
830 0 |a U.S. Congressional Research. 
856 4 0 |u http://proxy.library.tamu.edu/login?url=https://congressional.proquest.com/congcomp/getdoc?CRDC-ID=CRS-1988-LSV-0053  |z Connect to the full text of this electronic book  |t 0 
999 |a MARS 
999 f f |s 8aead6cd-3a37-3cfe-8b45-e373c403984e  |i 4482a98a-ff6d-31c2-8daf-c1389fc0b031  |t 0 
952 f f |a Texas A&M University  |b College Station  |c Electronic Resources  |s www_evans  |d Available Online  |t 0  |e CRS-1988-LSV-0053  |h Other scheme 
998 f f |a CRS-1988-LSV-0053  |t 0  |l Available Online